000 00235 a2200097 4500
001 27746
100 _aFindlay, J N
245 _aPlato the written & unwritten doctrines
260 _a
_bRoutledge & Kegan Paul
_c
090 _c18532
_d18532
942 _aNUST-CAE
_cM
_c9483
999 _c262819
_d262819